The memory mystery / (Record no. 127057)

MARC details
000 -LEADER
fixed length control field 00755nam a22002417a 4500
005 - DATE AND TIME OF LATEST TRANSACTION
control field 20170124110019.0
010 ## - LIBRARY OF CONGRESS CONTROL NUMBER
LC control number B-030304
020 ## - INTERNATIONAL STANDARD BOOK NUMBER
Terms of availability 37.00
International Standard Book Number 8123717830
035 ## - SYSTEM CONTROL NUMBER
System control number B-030304
037 ## - SOURCE OF ACQUISITION
Source of stock number/acquisition Cen Lib/Ret
040 ## - CATALOGING SOURCE
Original cataloging agency DPL
Language of cataloging EN
082 ## - DEWEY DECIMAL CLASSIFICATION NUMBER
Classification number 612.82
Item number RAJ
100 ## - MAIN ENTRY--PERSONAL NAME
Personal name Rajadhyaksha, Medha S.
9 (RLIN) 19264
245 ## - TITLE STATEMENT
Title The memory mystery /
Statement of responsibility, etc by Medha S.Rajadhyaksha ; illustrated by A.D.Ghaisas [and] H.C.Karekar
260 ## - PUBLICATION, DISTRIBUTION, ETC. (IMPRINT)
Place of publication, distribution, etc New Delhi
Name of publisher, distributor, etc National Book Trust
Date of publication, distribution, etc 1996
270 ## - ADDRESS
Address A-5, Green Park
City New Delhi
Postal code 110006
300 ## - PHYSICAL DESCRIPTION
Extent xvi,89p. :
Dimensions 18cm(Hb)
Other physical details ill.
650 ## - SUBJECT ADDED ENTRY--TOPICAL TERM
Topical term or geographic name as entry element Memory.
9 (RLIN) 87493
650 ## - SUBJECT ADDED ENTRY--TOPICAL TERM
Topical term or geographic name as entry element Memory structure
9 (RLIN) 87494
700 ## - ADDED ENTRY--PERSONAL NAME
Personal name Ghaisas, A.D.
9 (RLIN) 19266
700 ## - ADDED ENTRY--PERSONAL NAME
Personal name Karekar, H.C.
9 (RLIN) 19267
942 ## - ADDED ENTRY ELEMENTS (KOHA)
Source of classification or shelving scheme Dewey Decimal Classification
Koha item type English Books
Classification part 612.82
Call number suffix RAJ
Holdings
Withdrawn status Lost status Damaged status Not for loan Home library Current library Date acquired Source of acquisition Cost, normal purchase price Total Checkouts Full call number Barcode Date last seen Date checked out Copy number Cost, replacement price Price effective from Koha item type
        Central Library Central Library 27/06/2015 Cen Lib/Ret 37.00 3 612.82 RAJ B-030304 09/02/2022 24/01/2022 1 37.00 27/06/2015 English Books

© Delhi Public Library
Hit Counter
free hit counter